000 01169nam a2200349 c 4500
001 59851
003 CO-BoRNBP
005 20251107202707.0
007 ta
008 210901s2014 ck er 000 0 spa d
020 _a9789589739174
040 _aCO-BoRNBP
_bspa
_erda
_cCO-BoRNBP
041 0 _aspa
043 _as-ck---
082 0 4 _a636.59
_bV17c
_223
100 _aVásquez Romero, Rodrigo Efrén
_eaut
_966906
245 1 3 _aLa cría de codornices (Coturnicultura) /
_cRodrigo Efrén Vásquez Romero y Hugo Humberto Ballesteros Chavarro.
250 _aPrimera edición
264 1 _aBogotá, Colombia :
_bProdumedios,
_c2014
300 _a68 páginas :
_bilustraciones y tablas
336 _atexto
_btxt
_2rdacontent
337 _asin mediación
_bn
_2rdamedia
338 _avolumen
_bnc
_2rdacarrier
490 0 _aManejo empresarial del campo
504 _aBibliográficas: páginas 65-67
521 _aRecomendado para un público adulto
650 0 7 _aAves
_xHuevos
_2lemb
_966907
650 0 7 _aAvicultura
_2lemb
_966766
650 0 7 _aCodornices
_xEnfermedades
_2lemb
_966908
700 _aBallesteros Chavarro, Hugo Humberto
_eaut
_966909
942 _2ddc
_cBK
999 _c59851
_d59851